| 000 | 00360nam a2200133Ia 4500 | ||
|---|---|---|---|
| 008 | 240624s9999 xx 000 0 und d | ||
| 041 | _aeng | ||
| 082 | _a658.15224 DAM | ||
| 100 | _aDAMODARAN ASWATH | ||
| 245 | _aCORPORATE FINANCE THEORY AND PRACTICE | ||
| 250 | _a(2nd ed.) | ||
| 260 |
_c2008 _aNew Delhi _bWiley India |
||
| 300 | _axxvi, : 982 : p. : cm. ; 23 | ||
| 999 |
_c13216 _d13216 |
||